000 00393nam a2200157Ia 4500
008 230711s9999||||xx |||||||||||||| ||und||
020 _a978-81-85674-20-9
041 _aENG
082 _a800
_bKH-M
100 _aSingh,Khushwant
245 0 _aMy bleeding Punjab
260 _c1992
_aNew Delhi
_bUBS Publishers and Distributors Pvt.Ltd.
300 _a164
650 _aLiterature
942 _cBK
999 _c5267
_d5267